00559 a2200217 4500260001000000630004300010037001200053650002600065100002000091260001100111245006800122300001100190650002300201650004800224260000900272300001000281100000700291037001200298250001300310020001800323 aParis a34 - Droit. Jurisprudence. Legislation b1, WVSC a3 - SCIENCES SOCIALES aChambon, Pierre bDalloz aLe juge d'instruction : Théorie et pratique de la procédure a464 p. aJuge d'instruction aProcédure pénale : Théorie : Pratique c1997 b26 cm lFr aDE 9793 a4e éd. a2-247-02417-3